| 000 | 00652nam a2200181Ia 4500 | ||
|---|---|---|---|
| 003 | GCL | ||
| 008 | 140319s9999 xx 000 0 ara d | ||
| 040 |
_aGCL / _cGCL |
||
| 082 | 0 | 4 |
_a307.14 _bب ت |
| 245 | 1 | 0 |
_aتقرير التنمية البشرية للعام 2004 : _bالحرية الثقافية فى عالمنا المتنوع |
| 260 |
_aبيروت : _bبرنامج الامم المتحدة الانمائى |
||
| 300 |
_a285 ص ؛ _c32 سم |
||
| 650 | 0 | 4 | _aالتنمية الاجتماعية |
| 650 | 0 | 4 | _aالتنمية الاقتصادية |
| 650 | 0 | 4 | _aالسكان |
| 650 | 0 | 4 | _aالمشاركة السياسية |
| 942 |
_2ddc _cBK |
||
| 999 |
_c57874 _d57874 |
||